Top 20 English Football Clubs by Trophies - Statistics

General Stats
  • This quiz has been taken 1,230 times
    1,182 since last reset
  • The average score is 14 of 20
Answer Stats
Position Trophies English Club % Correct
2 60 Liverpool
99%
1 64 Manchester United
99%
3 43 Arsenal
98%
4 28 Chelsea
98%
8 18 Manchester City
94%
6 24 Tottenham Hotspur
90%
5 24 Everton
88%
7 23 Aston Villa
86%
9 13 Newcastle United
83%
11 13 Nottingham Forest
80%
17 6 West Ham United
76%
15 9 Leeds United
72%
13 9 Sunderland
64%
12 12 Blackburn Rovers
61%
14 9 Sheffield Wednesday
46%
16 9 West Bromwich Albion
43%
19 5 Portsmouth
40%
20 5 Burnley
39%
10 13 Wolverhampton Wanderers
38%
18 5 Huddersfield Town
26%
No matching quizzes found
Score Distribution
Percent of People with Each Score
Percentile by Number Answered
Your Score History
You have not taken this quiz since the last reset